000 00515nam a2200169Ia 4500
008 100122s9999 xx 000 0 und d
082 _b52563
_a927.92
100 _aऔरंगाबादकर अनुराधा
245 _aदेव आनंद
260 _bइंद्रायणी साहित्य
_c1996
300 _a272
520 _aदेवआनंद
620 _aदेवआनंद
630 _aदेव आनंद
730 _aदेव आनंद
942 _cBOOK
999 _c429739
_d429736